War, journalism and the shaping of the twentieth century (Record no. 16045)
[ view plain ]
| 000 -LEADER | |
|---|---|
| fixed length control field | 01272nam a2200313 a 4500 |
| 082 04 - DEWEY DECIMAL CLASSIFICATION NUMBER | |
| Classification number | 070.4333092 |
| 100 1# - MAIN ENTRY--AUTHOR NAME | |
| Personal name | John, Angela V. |
| 245 10 - TITLE STATEMENT | |
| Title | War, journalism and the shaping of the twentieth century |
| 260 ## - PUBLICATION, DISTRIBUTION, ETC. (IMPRINT) | |
| Place of publication | London ; |
| -- | New York : |
| Name of publisher | I.B. Tauris, |
| Year of publication | 2006. |
| 300 ## - PHYSICAL DESCRIPTION | |
| Number of Pages | xvii, 246 p. : |
| Other physical details | ill., maps, ports. |
| 650 #0 - SUBJECT ADDED ENTRY--TOPICAL TERM | |
| Topical Term | Journalists |
| 856 40 - ELECTRONIC LOCATION AND ACCESS | |
| Uniform Resource Identifier | http://site.ebrary.com/lib/rucke/Doc?id=10713147 |
No items available.
